10 virtues of outstanding leaders : leadership and character.
| Main Author: | |
|---|---|
| Other Authors: | |
| Format: | Book |
| Published: |
Hoboken, New Jersey:
John Wiley & Sons,
2013.
|
| Subjects: |
| LEADER | 00503cam a2200169 7i4500 | ||
|---|---|---|---|
| 001 | 0000030584 | ||
| 005 | 20140218090000.0 | ||
| 020 | 0 | 0 | |a 9780470672310 |
| 090 | 0 | 0 | |a B 658.4092 |b GIN |
| 100 | 1 | 0 | |a Gini |
| 245 | 1 | 0 | |a 10 virtues of outstanding leaders : |b leadership and character. |
| 260 | 0 | 0 | |a Hoboken, New Jersey: |b John Wiley & Sons, |c 2013. |
| 300 | # | # | |a 209 p. |
| 650 | 0 | 0 | |a Business ethics |
| 650 | 0 | 0 | |a Leadership |
| 700 | 1 | 0 | |a Green, |h Ronald Micheal |
| 999 | |a B000033792 |b Book |c Book |e Business Information Centre | ||


